Amigos de ultratumba : (Registro nro. 37259)
[ vista simple ]
| 000 -CABECERA | |
|---|---|
| Longitud fija campo de control | 01135nam a2200217 4500 |
| 003 - • IDENTIFICADOR DELl NÚMERO DE CONTROL | |
| Identificador del número de control | CO-ViMGA |
| 020 ## - • NÚMERO INTERNACIONAL NORMALIZADO PARA LIBROS | |
| Número Internacional Normalizado para Libros (ISBN) | 9789583047633 |
| 040 ## - FUENTE DE LA CATALOGACIÓN | |
| Centro catalogador de origen | CO-ViMGA |
| Lengua de catalogación | spa |
| Centro transcriptor | CO-ViMGA |
| 082 04 - • NÚMERO DE LA CLASIFICACIÓN DECIMAL DEWEY | |
| Número de clasificación (R) | I741.5 |
| Número del ítem | D748a |
| 100 1# - • PUNTO DE ACCESO PRINCIPAL-NOMBRE DE PERSONA | |
| Nombre de persona | Downer, Denise |
| 245 10 - • TITULO PROPIAMENTE DICHO | |
| Título | Amigos de ultratumba : |
| Resto del título | almas gemelas / |
| Mención de responsabilidad, etc. | escrito por Denise Downer ; ilustrado por Otis Frampton ; traducción del inglés Jorge E. Salgar Restrepo |
| 300 ## - • DESCRIPCIÓN FÍSICA | |
| Extensión | 45 p. ; |
| Otras características físicas | dibujos ; color |
| 500 ## - • NOTA GENERAL | |
| Nota general | Incluye datos biográficos de los autores |
| 504 ## - • NOTA DE BIBLIOGRAFÍA, ETC | |
| Nota de bibliografía, etc. | Incluye glosario |
| 520 ## - • NOTA DE RESUMEN | |
| Resumen, etc, | Almuerto no encaja en la Escuela Ultratumba. Murió al descargar el inodoro, y ahora es el objeto de todas las burlas. Pero un día una nueva estudiante llega: Esqueletina. ¿Pueden creerlo? Es el alma gemela de Almuerto, ¡pues murió de la misma forma! Pronto se convertirán en amigos y descubrirán que realmente son gemelos de ultratumba... tomado de la contracubierta del libro |
| 650 14 - • PUNTO DE ACCESO ADICIONAL DE MATERIA - TÉRMINO DE MATERIA | |
| Término de materia o nombre geográfico como elemento inicial | Novela gráfica |
| 650 14 - • PUNTO DE ACCESO ADICIONAL DE MATERIA - TÉRMINO DE MATERIA | |
| Término de materia o nombre geográfico como elemento inicial | Tiras cómicas, historietas, etc. |
| 700 1# - • PUNTO DE ACCESO ADICIONAL - NOMBRE DE PERSONA | |
| Nombre de persona | Salgar Restrepo, Jorge Eduardo |
| 942 ## - ENTRADA DE ELEMENTOS AGREGADOS (KOHA) | |
| Fuente de clasificaión o esquema | Dewey Decimal Classification |
| Koha [por defecto] tipo de item | LIbro |
| Perdido | Fuente de clasificación o esquema | Estado Físico | No para préstamo | Forma de adquisición | Localización permanente | Localización actual | Fecha adquisición | Préstamos totales | Renovaciones totales | Signatura completa | Código de barras | Fecha última consulta | Fecha último préstamo | Fecha del precio de reemplazo | Tipo de item de Koha |
|---|---|---|---|---|---|---|---|---|---|---|---|---|---|---|---|
| Dewey Decimal Classification | Sala Infantil Segundo Piso | Biblioteca Pública Germán Arciniegas - Villavicencio | Biblioteca Pública Germán Arciniegas - Villavicencio | 03/27/2020 | 1 | 2 | I 741.5 D748a | 33126 | 11/16/2022 | 10/25/2022 | 03/27/2020 | LIbro | |||
| Dewey Decimal Classification | Sala Infantil Segundo Piso | Biblioteca Pública Germán Arciniegas - Villavicencio | Biblioteca Pública Germán Arciniegas - Villavicencio | 03/27/2020 | 1 | 3 | I 741.5 D748a | 33127 | 09/26/2022 | 10/06/2021 | 03/27/2020 | LIbro |